Instructional patterns : (Record no. 49050)
[ view plain ]
| 000 -LEADER | |
|---|---|
| fixed length control field | 01908cam a22003734a 4500 |
| 001 - CONTROL NUMBER | |
| control field | 14046918 |
| 003 - CONTROL NUMBER IDENTIFIER | |
| control field | OSt |
| 005 - DATE AND TIME OF LATEST TRANSACTION | |
| control field | 20240214110131.0 |
| 008 - FIXED-LENGTH DATA ELEMENTS--GENERAL INFORMATION | |
| fixed length control field | 050721s2006 caua b 001 0 eng |
| 010 ## - LIBRARY OF CONGRESS CONTROL NUMBER | |
| LC control number | 2005021099 |
| 015 ## - NATIONAL BIBLIOGRAPHY NUMBER | |
| National bibliography number | GBA598579 |
| Source | bnb |
| 016 7# - NATIONAL BIBLIOGRAPHIC AGENCY CONTROL NUMBER | |
| Record control number | 013342608 |
| Source | Uk |
| 020 ## - INTERNATIONAL STANDARD BOOK NUMBER | |
| International Standard Book Number | 0761928243 (pbk.) |
| 035 ## - SYSTEM CONTROL NUMBER | |
| System control number | (OCoLC)ocm61151558 |
| 040 ## - CATALOGING SOURCE | |
| Original cataloging agency | DLC |
| Transcribing agency | DLC |
| Modifying agency | YDX |
| -- | BAKER |
| -- | LMR |
| -- | UKM |
| -- | DLC |
| 042 ## - AUTHENTICATION CODE | |
| Authentication code | pcc |
| 050 00 - LIBRARY OF CONGRESS CALL NUMBER | |
| Classification number | LB1025.3 |
| Item number | .H74 |
| 082 00 - DEWEY DECIMAL CLASSIFICATION NUMBER | |
| Classification number | 371.102 |
| Edition number | 22 |
| 100 1# - MAIN ENTRY--PERSONAL NAME | |
| Personal name | Holt, Larry C. |
| 9 (RLIN) | 38949 |
| 245 10 - TITLE STATEMENT | |
| Title | Instructional patterns : |
| Remainder of title | strategies for maximizing student learning / |
| Statement of responsibility, etc. | Larry C. Holt, Marcella Kysilka. |
| 260 ## - PUBLICATION, DISTRIBUTION, ETC. | |
| Place of publication, distribution, etc. | Thousand Oaks, Calif. : |
| Name of publisher, distributor, etc. | SAGE Publications, |
| Date of publication, distribution, etc. | c2006. |
| 300 ## - PHYSICAL DESCRIPTION | |
| Extent | xxv, 389 p. : |
| Other physical details | ill. ; |
| Dimensions | 26 cm. |
| 504 ## - BIBLIOGRAPHY, ETC. NOTE | |
| Bibliography, etc. note | Includes bibliographical references (p. 359-370) and index. |
| 505 0# - FORMATTED CONTENTS NOTE | |
| Formatted contents note | Where we've been, what we know, and where we're going -- Confluent forces and differentiated instructional practices -- Developing the lesson methodology -- Classroom organization and management -- Classroom assessment and accountability -- Direct instruction -- Mastery learning -- Cooperative learning -- Role play -- Nondirective learning -- Self-taught instruction -- Thinking patterns -- Memorization -- Attaining concepts -- Inquiry. |
| 650 #0 - SUBJECT ADDED ENTRY--TOPICAL TERM | |
| Topical term or geographic name entry element | Effective teaching. |
| 9 (RLIN) | 2423 |
| 650 #0 - SUBJECT ADDED ENTRY--TOPICAL TERM | |
| Topical term or geographic name entry element | Learning, Psychology of. |
| 9 (RLIN) | 386 |
| 700 1# - ADDED ENTRY--PERSONAL NAME | |
| Personal name | Kysilka, Marcella L. |
| 9 (RLIN) | 38950 |
| 856 41 - ELECTRONIC LOCATION AND ACCESS | |
| Materials specified | Table of contents only |
| Uniform Resource Identifier | <a href="http://www.loc.gov/catdir/toc/ecip0516/2005021099.html">http://www.loc.gov/catdir/toc/ecip0516/2005021099.html</a> |
| 856 42 - ELECTRONIC LOCATION AND ACCESS | |
| Materials specified | Publisher description |
| Uniform Resource Identifier | <a href="http://www.loc.gov/catdir/enhancements/fy0658/2005021099-d.html">http://www.loc.gov/catdir/enhancements/fy0658/2005021099-d.html</a> |
| 856 42 - ELECTRONIC LOCATION AND ACCESS | |
| Materials specified | Contributor biographical information |
| Uniform Resource Identifier | <a href="http://www.loc.gov/catdir/enhancements/fy0734/2005021099-b.html">http://www.loc.gov/catdir/enhancements/fy0734/2005021099-b.html</a> |
| 906 ## - LOCAL DATA ELEMENT F, LDF (RLIN) | |
| a | 7 |
| b | cbc |
| c | orignew |
| d | 1 |
| e | ecip |
| f | 20 |
| g | y-gencatlg |
| 942 ## - ADDED ENTRY ELEMENTS (KOHA) | |
| Source of classification or shelving scheme | Library of Congress Classification |
| Koha item type | Books |
No items available.